Os cavalos também se abatem (Registo nº 1527)

Detalhes MARC
000 -Etiqueta do registo
Cabeçalho 00723nam0a2200229 4500
005 - Identificador da versão
Campo de controlo 20240813121839.0
021 ## - Número do Depósito Legal
Código do país ES
Número B. 14414-71
100 ## - Dados gerais de processamento
Dados gerais de processamento 20150811d1971 m y0pory5003 ba
102 ## - Pais de publicação ou produção
País de publicação Portugal
101 1# - Língua de publicação
Língua do texto, banda sonora, etc. Português
Língua do documento no original Inglês
215 ## - Descrição física 
Indicação específica da natureza do documento e extensão da espécie 164, [1] p.
200 1# - Titulo e menção de responsabilidade
Título próprio Os cavalos também se abatem
Primeira menção de responsabilidade Horace McCoy
Outras menções de responsabilidade trad. Alexandre Pinheiro Torres
210 ## - Publicação, Distribuição, etc. 
Lugar da edição, distribuição, etc. [Lisboa]
Nome do editor, distribuidor, etc. Círculo de Leitores
Data da publicação, distribuição, etc. D.L. 1971
606 ## - Nome comum usado como assunto
Número de registo de entrada de autoridade 0002097
Palavra de ordem Literatura americana
Subdivisão de assunto Romance
Código do sistema CA
675 ## - Classificação Decimal Universal (CDU)
Notação 821.111(73)-31
Edição 3ª ed.
Língua da edição por
702 #1 - Nome de autor-pessoa física (responsabilidade secundária)
Número de registo de entrada de autoridade 0002411
Palavra de ordem Torres
Outra parte do nome não tomada para palavra de ordem Alexandre Pinheiro
Datas 1921-1999
Código de função Tradutor
700 #1 - Nome de autor-pessoa física (responsabilidade principal)
Número de registo de entrada de autoridade 0002410
Palavra de ordem MacCoy
Outra parte do nome não tomada para palavra de ordem Horace
Datas 1897-1955
966 ## - Identificação da Biblioteca
Sigla EB2,3ENM
942 ## - Elementos de entrada adicionados (Koha)
Tipo de item no Koha Livro
Exemplares
Situação do levantamento Origin of item (home branch) (coded) Biblioteca de empréstimo Código de barras Cota Circulation type (not for loan) Tipo de documento Nota do exemplar Damaged status
  Biblioteca Escolar Eng. Nuno Mergulhão Biblioteca Escolar Eng. Nuno Mergulhão BENM3671 82LE-3 McC   Livro Sem mensagem